Top 10 Best 2K Dunkers - Statistics

General Stats
  • This quiz has been taken 15 times
  • The average score is 7 of 10
Answer Stats
# Team Dunk OVR Answer % Correct
4. Grizzlies 96 Ja Morant
100%
1. Timberwolves 97 Anthony Edwards
86%
8. Nuggets 94 Aaron Gordon
79%
2. Hawks 96 Jalen Johnson
71%
9. Kings 94 Zach LaVine
71%
3. Rockets 96 Amen Thompson
64%
5. Pistons 95 Jalen Duren
64%
7. Celtics 94 Jaylen Brown
64%
10. Clippers 94 Derrick Jones Jr.
43%
6. Trailblazers 95 Shaedon Sharpe
43%
No matching quizzes found
Score Distribution
Percent of People with Each Score
Percentile by Number Answered
Your Score History
You have not taken this quiz